000 00574nam a2200229Ia 4500
003 OSt
005 20221005115452.0
006 a|||||r|||| 00| 0
007 ta
008 221004b |||||||| |||| 00| 0 kan d
024 _a61939
037 _cTextual
040 _aCRL
_cCRL
_bkan
041 _2kan
_akan
082 _aG:66wM09, 33J0
100 _aJeevubai Lakshman Rao
_9627595
245 0 _aCharles darwim
260 _c1964
650 _aBIOLOGY
942 _hG:66wM09, 33J0
_cTEXL
_2cc
999 _c1034942
_d1034942